=LDR 00000nam 2200000 4500 =001 INLIS000000000021465 =005 20130612120326 =008 ***********************************Ind** =035 ##$$0010-061300000021465 =041 ##$$a Ind =082 ##$$a 530.12 =090 ##$$a 530.12, Evo m =100 ##$$a Mc Evoy =245 ##$$a Mengenal teori kuantum, Mc Evoy. Oscar zarate ; alih bahasa Ahmad Kaiquni =260 ##$$a 1997 $b Bandung =300 ##$$a 176 hlm, Ilus, 21 cm =700 ##$$a Baiquni, Ahmad =850 ##$$a NBPNMAT